| 000 | 02824nam0a2200481 4500 | ||
|---|---|---|---|
| 001 | RU\NLR\BIBL_A\011674894 | ||
| 005 | 20180515153623.0 | ||
| 021 |
_aRU _bКН-П-18-016169 _9КН-П-18-1165 |
||
| 029 | 1 | 0 |
_aRU _b34233.1-2017 _cГОСТ |
| 035 | _a(NLR Aleph) 011674894 | ||
| 035 | _a(RuMoRGB)009560169 | ||
| 090 |
_a11257163 _c11257162 |
||
| 100 | _a20180410d2018 k y0rusy50 ca | ||
| 101 | 0 | _arus | |
| 102 | _aRU | ||
| 105 | _ay l 000|y | ||
| 200 | 1 |
_aСосуды и аппараты _iНормы и методы расчета на прочность _eобщие требования _dVessels and apparatus. Norms and methods of strength calculation. General requirements _zeng _eГОСТ 34233.1-2017 _fразработан Межгосударственным техническим комитетом по стандартизации МТК 523 "Техника и технологии добычи и переработки нефти и газа", Научно-исследовательским и конструкторским институтом химического машиностроения (АО "НИИХИММАШ"), и др. |
|
| 205 | _aИзд. офиц. | ||
| 210 |
_aМосква _cСтандартинформ _d2018 |
||
| 215 |
_aV, 29 c. _d29 |
||
| 225 | 1 |
_aМежгосударственный стандарт _fМежгосударственный совет по стандартизации, метрологии и сертификации |
|
| 239 | _aВвед. 01.08.2018 | ||
| 510 | 1 |
_aVessels and apparatus _zeng |
|
| 510 | 1 |
_aNorms and methods of strength calculation _zeng |
|
| 510 | 1 |
_aGeneral requirements _zeng |
|
| 517 | 1 | _aГОСТ 34233.1-2017 | |
| 606 | 1 |
_aСосуды, работающие под давлением _jСтандарты _xРасчет на прочность _91659463 _3RU\NLR\AUTH\661033808 |
|
| 610 | 0 | _aнормы прочности | |
| 610 | 0 | _aобщие требования | |
| 610 | 0 | _aдопускаемые напряжения | |
| 675 | _a66.023:006.354 | ||
| 686 |
_a71.120 _v2000 _2МКС |
||
| 686 |
_a75.200 _2МКС |
||
| 686 |
_a36 0000 _2ОКП |
||
| 686 |
_aГ02 _2классификатор |
||
| 686 | 1 | _aЛ114.037-51-028я861 | |
| 712 | 0 | 2 |
_4725 _aМежгосударственный совет по стандартизации, метрологии и сертификации _9321571 _3RU\NLR\AUTH\8823529 |
| 712 | 0 | 2 |
_4900 _aМежгосударственный технический комитет по стандартизации МТК 523 "Техника и технологии добычи и переработки нефти и газа" _9597584 _3RU\NLR\AUTH\880467807 |
| 942 | _cBOOK | ||
| 980 | _aNB | ||